|
|
|
|
| LEADER |
01015nam a22002778a 4500 |
| 001 |
4268 |
| 003 |
BD-DhAAL |
| 005 |
20150301101755.0 |
| 008 |
150301r20032001nyu b 001 0 eng |
| 020 |
|
|
|a 0743231333
|
| 020 |
|
|
|a 9780743231336
|
| 040 |
|
|
|a UKM
|c UKM
|d OCLCQ
|d YDXCP
|d EQF
|d BD-DhAAL
|
| 050 |
|
4 |
|a HD31
|b .M2835 2003
|
| 082 |
0 |
4 |
|a 658.314
|2 21
|
| 100 |
1 |
|
|a Maister, David H.
|9 8850
|
| 245 |
1 |
0 |
|a Practice what you preach :
|b what managers must do to create a high achievement culture /
|c David H. Maister.
|
| 260 |
|
|
|a New York ;
|a London :
|b Free,
|c 2003.
|
| 300 |
|
|
|a 224 p. ;
|c 22 cm.
|
| 500 |
|
|
|a Originally published: 2001.
|
| 504 |
|
|
|a Includes bibliographical references and index.
|
| 541 |
|
|
|e 4268
|
| 650 |
|
0 |
|a Service industries
|x Management.
|9 8851
|
| 650 |
|
0 |
|a Employee motivation.
|9 8801
|
| 942 |
|
|
|2 ddc
|c BK
|
| 999 |
|
|
|c 33822
|d 33822
|
| 952 |
|
|
|0 0
|1 0
|2 ddc
|4 0
|6 658_314000000000000_MAI
|7 0
|9 52808
|a SCL
|b SCL
|c GEN
|d 2015-03-01
|g 900.00
|l 2
|o 658.314 MAI
|p 3020004268
|r 2023-11-07
|s 2023-11-01
|t 1
|w 2015-03-01
|y BK
|